Revue de l'OCDE sur la gestion budgétaire

Guardado en:
Detalles Bibliográficos
Formato: Seriadas
Lenguaje:francés
Publicado: Paris OCDE
Colección:Gouvernance
Materias:
Etiquetas: Agregar Etiqueta
Sin Etiquetas, Sea el primero en etiquetar este registro!

MARC

LEADER 00000nas1a2200000 4500
001 s123769
005 20250709094552.0
022 |a 1608-7151 
041 0 |a fre 
044 |a FR 
245 1 0 |a Revue de l'OCDE sur la gestion budgétaire 
264 1 |a Paris  |b OCDE 
490 1 |a Gouvernance 
830 0 |a Gouvernance 
500 |a Titul je do vol. 1 no. 4 spracovaný v BD Knihy 
610 2 0 |a financie verejné 
610 2 0 |a rozpočty 
610 2 0 |a OECD 
610 2 0 |a OECD publikácie